000 00508nam a2200181Ia 4500
001 49259
008 140430s9999 xx 000 0 und d
020 _aNA
040 _cPK-LaUMT
082 _a 378.100973
_bDIL-C
100 _aDill, David D.
245 _aCase studies in university governance
_cDill, David D.
260 _aWashington,USA:
_bNational Association of State Universities,
_c1971
300 _a192 p.
546 _aEN
650 _aUniversities and Colleges-US-Case studies
942 _cBK
999 _c47021
_d47021